LEADER 01079nam1-2200397---450- 001 990002836210203316 005 20061115153721.0 035 $a000283621 035 $aUSA01000283621 035 $a(ALEPH)000283621USA01 035 $a000283621 100 $a20061115h1998----km-y0itay50------ba 101 $afre 102 $aFR 105 $a||||||||001yy 200 1 $aDu texte à l'action$fPaul Ricoeur 210 $aParis$cÉditions du Seuil$d1998 215 $a2 v.$d18 cm 225 2 $aPoints$v377 225 2 $aEssais 410 0$12001$aEssais 410 0$12001$aPoints 463 \1$1001990002836190203316$12001 $aEssais d'herméneutique 606 0 $aErmeneutica 676 $a194 700 1$aRICOEUR,$bPaul$0437317 801 0$aIT$bsalbc$gISBD 912 $a990002836210203316 951 $aII.1.D.$bL.M.$cII.1. 959 $aBK 969 $aUMA 979 $aPAOLA$b90$c20061115$lUSA01$h1529 979 $aPAOLA$b90$c20061115$lUSA01$h1530 979 $aPAOLA$b90$c20061115$lUSA01$h1537 996 $aDu texte à l'action$9859408 997 $aUNISA LEADER 02099nam0 22003973i 450 001 NAPE022603 005 20251003044304.0 012 $am-u- i.b- e,si rach (3) 1781 (R)$2fei 100 $a20060519d1781 ||||0itac50 ba 101 | $aita 102 $ait 181 1$6z01$ai $bxxxe 182 1$6z01$an 183 1$6z01$anc$2RDAcarrier 200 1 $aOsservazioni intorno a' romanzi, alla morale e a' diversi generi di sentimento, dell'avvocato Giuseppe Maria Galanti 205 $aNuova edizione corretta 210 $aNapoli$cnella stamperia della Società letteraria e tipografica$d1781 215 $a121, [3] p.$d12° 300 $aSegnatura: A-E¹² F² 300 $aCarta F2 erroneamente segnata F1 300 $aFregio xilografico sul frontespizio. 316 $a1 v. - Legato con Elogio storico del Signor abate Antonio Genovesi.., Firenze, 1781 e con Descrizione dello stato antico ed attuale..., Venezia, 1781$5IT-BN0095 , ANT FONDO RARI 98 620 $aIT$dNapoli$3TO0L002386 700 1$aGalanti$b, Giuseppe Maria$3CFIV038234$4070$036576 712 02$aSocietà letteraria & tipografica$c $3TO0V264638$4650 791 02$aStamperia della Società letteraria e tipografica$c $3BA1V002297$zSocietà letteraria & tipografica 801 3$aIT$bIT-000000$c20060519 850 $aIT-BN0095 $aIT-NA0581 $aIT-BN0015 $aIT-NA0097 901 $bNAP FC$cBIBL CROCE$n$ 901 $bNAP PB$cF. PICCIRI$n$ 901 $bNAP 01$cANT $n$ 912 $aNAPE022603 950 0$aBiblioteca Centralizzata di Ateneo$c1 esemplare$d 01ANT FONDO RARI 98$e 01AR 0007002765 VMB (0001 1 v. - Legato con Elogio storico del Signor abate Antonio Genovesi.., Firenze, 1781 e con Descrizione dello stato antico ed attuale..., Venezia, 1781$fB $h19920327$i20230531 977 $a 01$a FC$a PB$a SP 996 $aOsservazioni intorno a' romanzi, alla morale e a' diversi generi di sentimento, dell'avvocato Giuseppe Maria Galanti$93364863 997 $aUNISANNIO LEADER 04864oam 2200589Mn 450 001 9910966880903321 005 20251117025629.0 010 $a1-315-66363-5 010 $a1-317-34670-X 010 $a1-317-34669-6 035 $a(CKB)3710000000470915 035 $a(EBL)4014558 035 $a(MiAaPQ)EBC4014558 035 $a(Au-PeEL)EBL4014558 035 $a(CaPaEBR)ebr11102632 035 $a(CaONFJC)MIL828566 035 $a(OCoLC)927492047 035 $a(OCoLC)992411404 035 $a(OCoLC-P)992411404 035 $a(FlBoTFG)9781315663630 035 $a(OCoLC)920519694 035 $a(FINmELB)ELB142179 035 $a(EXLCZ)993710000000470915 100 $a20170703d2015 uy 0 101 0 $aeng 135 $aur||||||||||| 181 $2rdacontent 182 $2rdamedia 183 $2rdacarrier 200 10$aLIVING THEORY;$eTHE APPLICATION OF CLASSICAL SOCIAL THEORY TO CONTEMPORARY LIFE 205 $aSecond edition. 210 $aLONDON $cROUTLEDGE$d2015 210 1$aLondon, England ;$aNew York, New York :$cRoutledge,$d2016. 210 4$d©2005 215 $a1 online resource (191 p.) 300 $aDescription based upon print version of record. 311 08$a1-138-46791-X 311 08$a0-205-45223-X 327 $aCover -- Half Title -- Title Page -- Copyright Page -- Dedication -- Table of Contents -- Preface -- Chapter One The Contemporary Relevance of Old Theories -- Introdution -- Organization of the Book -- Symptoms of Strain and Change -- The Value of Theory and Theories of Value -- The Relevance of Theories past: A Primer on Their Perspectives -- The View from Marx's Eyes -- The View from Durkheim's Eyes -- The View from Simmel's Eyes -- The View from Weber's Eyes -- Conclusion -- Questions to Ponder -- Chapter Two The Janus-Faced Nature of Society -- Introduction -- Modern Western Society -- Society as Industrial, Urban, and Centralized -- Society as Rational -- Society as Individualistic -- The Postmodern Element -- Forces of Integration and Disintegration: Society's Janus Face -- Durkheim: The Division of Labor and Collective Conscience -- Marx: The State, Ideology, and Capitalism -- Simmel: The Web of Modern Life -- Weber: Modern Society's Rational Structuring -- Conclusion -- Questions to Ponder -- Chapter Three Private Lives and Public Connections -- Introduction -- The Meaning of the Natural Self -- The Individual and the Community: A Delicate Balance -- The Public Eye in the Private Life -- Separation and Suicide -- Conclusion -- Questions to Ponder -- Chapter Four Separatism and Status -- Introduction -- The Arrangement of Space -- Gated Communities -- The Maintenance of Exclusivity -- Racial Ghettos -- Conclusion -- Questions to Ponder -- Chapter Five Cynicism, Distrust, and Corruption -- Introduction -- Symptoms of an Uncivil Society -- Unraveling the Roots of Political Corruption -- The Role of Education -- Bureaucracy, Capitalism, Money, and Corruption -- The Misanthropic Tendency -- Money Talks -- The Push for Profit -- "Well Whatever" -- Conclusion -- Questions to Ponder -- Chapter Six Commodification and the Value of Human Life. 327 $aIntroduction -- The Superficial Self -- Beauty as Cult and Body as Icon -- The Influence of Class and Capitalism -- People Bought and Sold: The World of Celebrities -- Capitalism in Entertainment -- Enchantment and Disenchantment of Celebrity -- The Value of Human Life -- Rational Medicine and the Giving of Life -- Conclusion -- Questions to Ponder -- Chapter Seven The Polarization of Economic Resources -- Introduction -- Inside the U.S. Class Structure -- Understanding Processes of Economic Inequality -- Economic Inequality between Status Groups -- Accounting for Inequality between Groups -- Conclusion -- Questions to Ponder -- A Summing Up -- Glossary of Classical Theoretical Terms -- Notes. 330 $aLiving Theory: The Application of Classical Social Theory to Contemporary Life, 2nd edition analyzes major features of modern society from the classical theory point of view, and suggests how modern life might be explained from this viewpoint. The author examines the works of four classical figures - Marx, Durkheim, Simmel, and Weber - because of their continuing influence on social theory, and because they addressed many of the central issues we confront in modern society. Topics new to this edition include: New electronic technologies The battle over valued property The role of trust in society Governmental secrecy Trafficking in human organs 606 $aSocial sciences$xPhilosophy 615 0$aSocial sciences$xPhilosophy. 676 $a300/.1 676 $a300.1 700 $aHurst$b Charles E$0889743 801 0$bOCoLC-P 801 1$bOCoLC-P 906 $aBOOK 912 $a9910966880903321 996 $aLIVING THEORY$94491147 997 $aUNINA